000 00505nam a2200181 i 4500
001 48516
003 ES-MaACL
005 20230906161751.0
007 t|
008 941129s1854 fr ||||1| fre d
040 _aCLM
_bspa
100 1 _aDelisle, A.
_943523
245 1 0 _aGéométrie analytique /
_cpar A. Delisle et Gerono.
260 _aParis :
_bMallet-Bachelier,
_c1854.
300 _aXXIV, 598 p., XI h. pleg. ;
_c20 cm.
650 4 _aGeometría analítica.
_913100
852 _aES-MaACL
_jF-5281
999 _c48516
_d48516